Guess the Anime Titles - Statistics

General Stats
  • This quiz has been taken 95 times
  • The average score is 5 of 13
Answer Stats
Descriptions Answers % Correct
The Protagonist, is a loud, hyperactive, adolescent ninja who constantly searches for approval and recognition, as well as to become Hokage, who is acknowledged as the leader and strongest of all ninja in the village. Naruto Shippuden
83%
The Teiko Middle School Basketball Team. The school that produced three perfect seasons in a row, with five once-in-a generation players, called "The Generation of Miracles." There was another player who all of them respected... A legendary 6th player. An up-and-coming power player, Taiga Kagami, is just back from America. When he comes to Seirin High School, he meets the super-ordinary boy Kuroko's Basketball
63%
A psychic middle school boy tries to live a normal life and keep his growing powers under control, even though he constantly gets into trouble. Mob Psycho 100
61%
The cases of a detective whose physical age was chemically reversed to that of a prepubescent boy but must hide his true mental development. Detective Conan
52%
A countryside boy named Tatsumi sets out on a journey to The Capital to make a name for himself and met a seemingly dangerous group of Assassins known as Night Raid. He their met a very skilled swordswoman named _________. Akame ga Kill
49%
The Protagonist is a powerful psychic who hates attracting attention, yet he is surrounded by colorful characters who always find a way to remove him from his everyday life. The Disastrous Life of Saiki K.
43%
A robotic cat that comes from the 22nd century. He comes to 20th century and stays with Nobi Family. The Nobis love the cat very much. So the robot cat always help the Nobis with the devices from 22nd century. Doraemon
41%
A young girl formerly known as "the weapon," has left the battlefield to start a new life at CH Postal Service. There, she is deeply moved by the work of "Auto Memories Dolls," who carry people's thoughts and convert them into words. So begins her journey as an Auto Memories Doll, and comes face to face with various people's emotions and differing shapes of love. All the while searching for the meaning of the words her mentor had last said to her. Violet Evergarden
40%
A young ronin named Hyakkimaru along with a young urchin, they must face multiple demons in Sengoku-era Japan who have stolen his various body parts in order to get them back. Dororo
34%
A high school girl who lives with her older brother Taihei. At school, Umaru appears to be the ideal student with good looks, top grades, and a lot of talent. Once she gets home, however, she reverts into a layabout who spends her time lying around, playing video games, and constantly depending on her older brother, much to his dismay. Himouto Umaru-chan
23%
After being given a mysterious power to control others, an outcast prince becomes the masked leader of the rebellion against an all powerful empire Code Geass: Lelouch of the Rebellion
22%
Highschoolgirl Chiyo Sakura has a crush on her schoolmate, but when she confesses her love to him, he mistakes her for a fan and gives her an autograph. When she says that she always wants to be with him, he invites her to his house and has her help on some drawings. Chiyo discovers that her crush is actually a renowned shoujo manga artist named Sakiko Yumeno. She then agrees to be his assistant in order to get closer to him. Monthly Girl's Nozaki-kun
16%
The funny, silly and crazy adventures of the Sextuplet brothers. Mr. Osomatsu-san
5%
No matching quizzes found
Score Distribution
Percent of People with Each Score
Percentile by Number Answered
Your Score History
You have not taken this quiz